[Event "Team Championship Russia (Blitz, Men)"]
[Site "Sochi"]
[Date "2018.10.10"]
[Round "4.1"]
[White "Zvjaginsev, Vadim"]
[Black "Bocharov, Ivan"]
[Result "1-0"]
[BlackElo "2667"]
[WhiteElo "2669"]
[LiveChessVersion "1.4.8"]

1. e4 {[%clk 0:03:03]} e5 {[%clk 0:03:04]} 2. Nf3 Nc6 3. g3 {[%clk 0:03:04]} Nf6
4. d3 d5 {[%clk 0:03:06]} 5. exd5 {[%clk 0:03:06]} Qxd5 {[%clk 0:02:45]} 6. Bg2
{[%clk 0:03:07]} Bg4 {[%clk 0:02:40]} 7. h3 {[%clk 0:03:03]} Bh5 {[%clk 0:02:40]}
8. Nc3 {[%clk 0:02:53]} Qd7 {[%clk 0:02:39]} 9. O-O {[%clk 0:02:44]} O-O-O
{[%clk 0:02:39]} 10. g4 {[%clk 0:02:41]} Bg6 {[%clk 0:02:39]} 11. Be3
{[%clk 0:02:25]} h5 {[%clk 0:02:34]} 12. g5 {[%clk 0:02:22]} Ng8 {[%clk 0:02:09]}
13. a3 {[%clk 0:01:40]} Bf5 {[%clk 0:02:01]} 14. Kh2 {[%clk 0:01:31]} Bg4
{[%clk 0:01:34]} 15. hxg4 {[%clk 0:01:16]} hxg4+ {[%clk 0:01:34]} 16. Kg1
{[%clk 0:01:17]} gxf3 {[%clk 0:01:28]} 17. Qxf3 {[%clk 0:01:17]} Nge7
{[%clk 0:01:18]} 18. Qxf7 {[%clk 0:01:13]} Qg4 {[%clk 0:01:08]} 19. Qf3
{[%clk 0:01:14]} Qh4 {[%clk 0:01:09]} 20. Rfe1 {[%clk 0:01:15]} g6
{[%clk 0:00:51]} 21. b4 {[%clk 0:01:10]} Nf5 {[%clk 0:00:47]} 22. b5
{[%clk 0:01:11]} Qh2+ {[%clk 0:00:48]} 23. Kf1 {[%clk 0:01:12]} Na5
{[%clk 0:00:44]} 24. Bxa7 {[%clk 0:01:08]} Rh4 {[%clk 0:00:36]} 25. Re4
{[%clk 0:01:03]} Bd6 {[%clk 0:00:26]} 26. Rxh4 {[%clk 0:00:57]} Qxh4
{[%clk 0:00:24]} 27. Re1 {[%clk 0:00:52]} Qxg5 {[%clk 0:00:24]} 28. Ne4
{[%clk 0:00:50]} Qe7 {[%clk 0:00:14]} 29. Nxd6+ {[%clk 0:00:49]} Qxd6
{[%clk 0:00:15]} 30. Qe4 {[%clk 0:00:41]} Re8 {[%clk 0:00:12]} 31. Qb4
{[%clk 0:00:34]} b6 {[%clk 0:00:10]} 32. Qxd6 {[%clk 0:00:33]} Nxd6
{[%clk 0:00:10]} 33. a4 {[%clk 0:00:31]} g5 {[%clk 0:00:07]} 34. Bc6
{[%clk 0:00:23]} Nxc6 {[%clk 0:00:06]} 35. bxc6 {[%clk 0:00:24]} Kd8
{[%clk 0:00:07]} 36. a5 {[%clk 0:00:21]} bxa5 {[%clk 0:00:08]} 37. Bc5
{[%clk 0:00:22]} Ke7 {[%clk 0:00:07]} 38. Rxe5+ {[%clk 0:00:22]} Kf7
{[%clk 0:00:08]} 39. Bxd6 {[%clk 0:00:23]} cxd6 {[%clk 0:00:09]} 40. Rxa5
{[%clk 0:00:20]} Rc8 {[%clk 0:00:10]} 41. Rxg5 {[%clk 0:00:21]} Rxc6 42. c4 Ra6
{[%clk 0:00:13]} 43. Ke2 Ke6 44. Ke3 {[%clk 0:00:24]} Ra1 {[%clk 0:00:16]} 45.
Rg6+ Kd7 46. Kd4 {[%clk 0:00:19]} Rf1 {[%clk 0:00:18]} 47. Kd5 {[%clk 0:00:19]}
Rxf2 {[%clk 0:00:18]} 48. Rg7+ {[%clk 0:00:18]} Kc8 {[%clk 0:00:17]} 49. Kxd6
{[%clk 0:00:18]} Rf4 {[%clk 0:00:18]} 50. Kc6 {[%clk 0:00:16]} Rf6+
{[%clk 0:00:19]} 51. Kc5 {[%clk 0:00:17]} Rh6 {[%clk 0:00:20]} 52. d4 Kd8 53. d5
{[%clk 0:00:19]} Rf6 {[%clk 0:00:22]} 54. d6 {[%clk 0:00:18]} Rf4
{[%clk 0:00:23]} 55. Kd5 {[%clk 0:00:18]} Rf5+ {[%clk 0:00:19]} 56. Kc6
{[%clk 0:00:19]} Rf8 {[%clk 0:00:21]} 57. Ra7 {[%clk 0:00:20]} 1-0

[Event "Team Championship Russia (Blitz, Men)"]
[Site "Sochi"]
[Date "2018.10.10"]
[Round "4.2"]
[White "Bocharov, Dmitry"]
[Black "Grachev, Boris"]
[Result "0-1"]
[BlackElo "2646"]
[WhiteElo "2649"]
[LiveChessVersion "1.4.8"]

1. e4 {[%clk 0:03:02]} c5 {[%clk 0:03:03]} 2. g3 {[%clk 0:03:03]} Nc6
{[%clk 0:03:00]} 3. Bg2 {[%clk 0:03:04]} g6 {[%clk 0:03:00]} 4. Ne2
{[%clk 0:02:57]} Bg7 {[%clk 0:03:00]} 5. O-O {[%clk 0:02:57]} e6 {[%clk 0:02:46]}
6. c3 {[%clk 0:02:51]} Nge7 {[%clk 0:02:40]} 7. d4 {[%clk 0:02:36]} cxd4
{[%clk 0:02:40]} 8. cxd4 {[%clk 0:02:38]} d5 {[%clk 0:02:42]} 9. e5
{[%clk 0:02:38]} O-O {[%clk 0:02:39]} 10. Na3 {[%clk 0:02:39]} b6
{[%clk 0:02:39]} 11. Nc2 {[%clk 0:02:17]} Ba6 {[%clk 0:02:38]} 12. Bd2
{[%clk 0:02:17]} Nf5 {[%clk 0:02:15]} 13. Bc3 {[%clk 0:02:18]} Rc8
{[%clk 0:02:13]} 14. Re1 {[%clk 0:02:19]} Rc7 {[%clk 0:02:02]} 15. Nf4
{[%clk 0:02:06]} Bh6 {[%clk 0:01:57]} 16. Nd3 {[%clk 0:02:01]} Qd7
{[%clk 0:01:45]} 17. h4 {[%clk 0:01:58]} Rfc8 {[%clk 0:01:45]} 18. Bh3
{[%clk 0:01:51]} Nce7 {[%clk 0:01:32]} 19. Bf1 {[%clk 0:01:34]} Nc6
{[%clk 0:01:17]} 20. a3 {[%clk 0:01:06]} Bc4 {[%clk 0:01:04]} 21. Ncb4
{[%clk 0:00:56]} Ncxd4 {[%clk 0:00:56]} 22. g4 {[%clk 0:00:52]} Bb3
{[%clk 0:00:57]} 23. Qb1 {[%clk 0:00:41]} Nf3+ {[%clk 0:00:58]} 24. Kh1
{[%clk 0:00:40]} N5xh4 {[%clk 0:00:46]} 25. Nc1 {[%clk 0:00:29]} Bc4
{[%clk 0:00:43]} 26. Nbd3 {[%clk 0:00:14]} Nxe1 {[%clk 0:00:40]} 0-1

[Event "Team Championship Russia (Blitz, Men)"]
[Site "Sochi"]
[Date "2018.10.10"]
[Round "4.3"]
[White "Malakhov, Vladimir"]
[Black "Khanin, Semen"]
[Result "1-0"]
[BlackElo "2545"]
[WhiteElo "2630"]
[LiveChessVersion "1.4.8"]

1. Nf3 {[%clk 0:03:03]} d5 {[%clk 0:03:03]} 2. e3 {[%clk 0:03:04]} g6
{[%clk 0:03:01]} 3. c4 {[%clk 0:03:04]} Nf6 {[%clk 0:02:59]} 4. cxd5
{[%clk 0:03:04]} Nxd5 {[%clk 0:03:00]} 5. d4 {[%clk 0:03:05]} Bg7
{[%clk 0:03:01]} 6. Be2 {[%clk 0:03:06]} O-O {[%clk 0:03:01]} 7. O-O
{[%clk 0:03:06]} b6 {[%clk 0:02:52]} 8. e4 {[%clk 0:03:01]} Nf6 {[%clk 0:02:53]}
9. Nc3 {[%clk 0:03:02]} Bb7 {[%clk 0:02:53]} 10. Qc2 {[%clk 0:03:02]} Nbd7
{[%clk 0:02:49]} 11. Rd1 {[%clk 0:03:03]} e6 {[%clk 0:02:48]} 12. h3
{[%clk 0:02:56]} Rc8 13. Bf4 Qe7 {[%clk 0:02:31]} 14. Rac1 {[%clk 0:02:42]} Nh5
{[%clk 0:02:29]} 15. Bg5 {[%clk 0:02:37]} f6 {[%clk 0:02:28]} 16. Bd2
{[%clk 0:02:34]} f5 {[%clk 0:02:06]} 17. Bc4 {[%clk 0:02:22]} fxe4
{[%clk 0:01:26]} 18. Nxe4 {[%clk 0:02:21]} Bd5 {[%clk 0:01:27]} 19. Be3
{[%clk 0:02:09]} c6 {[%clk 0:01:26]} 20. Nfd2 {[%clk 0:01:41]} Nf4
{[%clk 0:01:16]} 21. Nf1 {[%clk 0:01:21]} Qh4 {[%clk 0:01:04]} 22. Bxd5
{[%clk 0:01:09]} cxd5 {[%clk 0:00:28]} 23. Qxc8 {[%clk 0:01:04]} Rxc8
{[%clk 0:00:26]} 24. Rxc8+ {[%clk 0:00:55]} Nf8 {[%clk 0:00:17]} 25. Nc3
{[%clk 0:00:48]} Bh6 26. Ng3 Nxh3+ {[%clk 0:00:16]} 27. gxh3 {[%clk 0:00:43]}
Bxe3 {[%clk 0:00:17]} 28. Nce2 {[%clk 0:00:44]} Bh6 {[%clk 0:00:17]} 29. Kg2
{[%clk 0:00:42]} Qe7 {[%clk 0:00:16]} 30. Rd3 {[%clk 0:00:39]} e5
{[%clk 0:00:12]} 31. dxe5 {[%clk 0:00:37]} Qxe5 {[%clk 0:00:13]} 32. b3
{[%clk 0:00:30]} Qb2 {[%clk 0:00:12]} 33. a4 {[%clk 0:00:23]} Bg7
{[%clk 0:00:07]} 34. Rd8 {[%clk 0:00:20]} d4 {[%clk 0:00:06]} 35. Nxd4
{[%clk 0:00:21]} Bxd4 {[%clk 0:00:04]} 36. R3xd4 {[%clk 0:00:20]} Kg7
{[%clk 0:00:05]} 37. Rd3 {[%clk 0:00:16]} Ne6 {[%clk 0:00:06]} 38. R8d7+
{[%clk 0:00:17]} Kh6 {[%clk 0:00:07]} 39. Rf3 {[%clk 0:00:16]} Ng5
{[%clk 0:00:07]} 40. Rf4 {[%clk 0:00:16]} Ne6 {[%clk 0:00:07]} 41. Rh4+
{[%clk 0:00:15]} Kg5 {[%clk 0:00:08]} 42. Rg4+ {[%clk 0:00:17]} Kf6
{[%clk 0:00:08]} 43. Rxa7 {[%clk 0:00:11]} g5 {[%clk 0:00:09]} 44. Rxh7
{[%clk 0:00:11]} Nf4+ {[%clk 0:00:10]} 45. Kg1 {[%clk 0:00:09]} Qc1+
{[%clk 0:00:10]} 46. Kh2 {[%clk 0:00:10]} Qc2 {[%clk 0:00:10]} 47. Nh5+
{[%clk 0:00:06]} Ke5 {[%clk 0:00:10]} 48. Rxg5+ {[%clk 0:00:06]} Kd4
{[%clk 0:00:08]} 49. Rd7+ {[%clk 0:00:06]} Ke4 {[%clk 0:00:08]} 50. Nxf4
{[%clk 0:00:05]} Kxf4 {[%clk 0:00:08]} 51. Rg2 {[%clk 0:00:05]} Qxb3
{[%clk 0:00:09]} 52. Rd4+ {[%clk 0:00:06]} Ke5 {[%clk 0:00:09]} 53. Rdg4
{[%clk 0:00:07]} Kf5 {[%clk 0:00:10]} 54. h4 {[%clk 0:00:07]} Qb2
{[%clk 0:00:09]} 55. h5 {[%clk 0:00:07]} Qe5+ {[%clk 0:00:10]} 56. Kh3
{[%clk 0:00:08]} Qc3+ {[%clk 0:00:10]} 57. R4g3 {[%clk 0:00:08]} Qh8
{[%clk 0:00:10]} 58. Rg5+ {[%clk 0:00:08]} Kf4 {[%clk 0:00:10]} 59. R5g4+
{[%clk 0:00:09]} Kf3 {[%clk 0:00:09]} 60. R2g3+ {[%clk 0:00:04]} Kxf2
{[%clk 0:00:08]} 61. Rf4+ {[%clk 0:00:05]} Ke2 {[%clk 0:00:09]} 62. Rg5
{[%clk 0:00:05]} Ke3 {[%clk 0:00:09]} 63. Rfg4 {[%clk 0:00:05]} Qf6
{[%clk 0:00:09]} 64. Rg3+ {[%clk 0:00:06]} Ke4 {[%clk 0:00:10]} 65. R5g4+
{[%clk 0:00:07]} Ke5 {[%clk 0:00:11]} 66. Re3+ {[%clk 0:00:07]} Kd5
{[%clk 0:00:12]} 67. Kg3 {[%clk 0:00:06]} Kc5 {[%clk 0:00:08]} 68. Ree4
{[%clk 0:00:06]} Qc3+ {[%clk 0:00:08]} 69. Kh4 {[%clk 0:00:07]} Qf6+
{[%clk 0:00:09]} 70. Rg5+ {[%clk 0:00:08]} Kc6 {[%clk 0:00:10]} 71. Kg4
{[%clk 0:00:09]} Kb7 {[%clk 0:00:11]} 72. Rg6 {[%clk 0:00:08]} Qf1
{[%clk 0:00:11]} 73. Ree6 {[%clk 0:00:05]} Qd1+ {[%clk 0:00:10]} 74. Kg5
{[%clk 0:00:06]} Qd2+ {[%clk 0:00:11]} 75. Kf6 {[%clk 0:00:07]} Qf4+
{[%clk 0:00:12]} 76. Kg7 {[%clk 0:00:08]} Qd4+ {[%clk 0:00:09]} 77. Kh7
{[%clk 0:00:09]} Qd7+ {[%clk 0:00:09]} 78. Rg7 {[%clk 0:00:11]} 1-0

[Event "Team Championship Russia (Blitz, Men)"]
[Site "Sochi"]
[Date "2018.10.10"]
[Round "4.4"]
[White "Kezin, Roman"]
[Black "Motylev, Alexander"]
[Result "0-1"]
[BlackElo "2569"]
[WhiteElo "2575"]
[LiveChessVersion "1.4.8"]

1. d4 {[%clk 0:03:02]} d5 {[%clk 0:03:03]} 2. c4 {[%clk 0:03:03]} c6
{[%clk 0:03:04]} 3. Nc3 {[%clk 0:03:04]} Nf6 {[%clk 0:03:04]} 4. e3
{[%clk 0:03:05]} e6 {[%clk 0:03:04]} 5. Nf3 {[%clk 0:03:05]} Nbd7
{[%clk 0:03:04]} 6. Bd3 {[%clk 0:03:06]} Bd6 {[%clk 0:03:04]} 7. O-O
{[%clk 0:03:03]} dxc4 {[%clk 0:02:55]} 8. Bxc4 {[%clk 0:03:04]} b5
{[%clk 0:02:56]} 9. Be2 {[%clk 0:03:00]} O-O {[%clk 0:02:48]} 10. Qc2
{[%clk 0:02:50]} Bb7 {[%clk 0:02:47]} 11. Rd1 {[%clk 0:02:44]} Qe7
{[%clk 0:02:36]} 12. e4 {[%clk 0:02:34]} e5 {[%clk 0:02:36]} 13. dxe5
{[%clk 0:02:24]} Nxe5 {[%clk 0:02:37]} 14. Nd4 {[%clk 0:02:25]} Bc5
{[%clk 0:01:51]} 15. h3 {[%clk 0:00:55]} Rfd8 {[%clk 0:00:38]} 16. Be3
{[%clk 0:00:55]} Bb6 {[%clk 0:00:34]} 17. Rac1 {[%clk 0:00:40]} Rac8
{[%clk 0:00:23]} 18. Nf5 {[%clk 0:00:38]} Qf8 {[%clk 0:00:22]} 19. Bg5
{[%clk 0:00:39]} Qc5 {[%clk 0:00:11]} 20. Be3 {[%clk 0:00:38]} Qf8
{[%clk 0:00:12]} 21. a3 {[%clk 0:00:11]} Bxe3 {[%clk 0:00:11]} 22. Nxe3
{[%clk 0:00:12]} Ng6 {[%clk 0:00:12]} 23. g3 {[%clk 0:00:12]} a6 {[%clk 0:00:13]}
24. Bf3 {[%clk 0:00:05]} c5 {[%clk 0:00:13]} 25. Bg2 {[%clk 0:00:06]} c4
{[%clk 0:00:13]} 26. f4 {[%clk 0:00:07]} Nd7 {[%clk 0:00:06]} 27. Ned5
{[%clk 0:00:03]} Nc5 {[%clk 0:00:07]} 28. Kh2 {[%clk 0:00:04]} Nd3
{[%clk 0:00:08]} 29. Rxd3 {[%clk 0:00:05]} cxd3 {[%clk 0:00:09]} 30. Qxd3
{[%clk 0:00:06]} Ne7 {[%clk 0:00:11]} 31. Rd1 {[%clk 0:00:07]} Nxd5
{[%clk 0:00:12]} 32. exd5 {[%clk 0:00:08]} Qd6 {[%clk 0:00:08]} 33. Qf5
{[%clk 0:00:06]} g6 {[%clk 0:00:09]} 34. Qg5 {[%clk 0:00:07]} f6 {[%clk 0:00:08]}
35. Qh4 {[%clk 0:00:08]} f5 {[%clk 0:00:09]} 36. Qh6 {[%clk 0:00:05]} Re8
{[%clk 0:00:09]} 37. Rd2 {[%clk 0:00:06]} Re3 {[%clk 0:00:10]} 38. h4
{[%clk 0:00:06]} Rd8 {[%clk 0:00:07]} 39. h5 {[%clk 0:00:07]} Qf8
{[%clk 0:00:08]} 40. Qg5 {[%clk 0:00:08]} Qe7 {[%clk 0:00:09]} 41. Qh6
{[%clk 0:00:10]} Qg7 {[%clk 0:00:10]} 42. Qg5 {[%clk 0:00:10]} Qe7
{[%clk 0:00:08]} 43. Qh6 {[%clk 0:00:08]} Rd6 {[%clk 0:00:09]} 44. hxg6
{[%clk 0:00:08]} Rxg6 {[%clk 0:00:11]} 45. Qh5 {[%clk 0:00:08]} Rexg3
{[%clk 0:00:08]} 46. Qxf5 {[%clk 0:00:06]} Qh4+ {[%clk 0:00:04]} 47. Kg1
{[%clk 0:00:08]} Re3 {[%clk 0:00:05]} 48. Rf2 {[%clk 0:00:03]} Re1+
{[%clk 0:00:04]} 49. Rf1 {[%clk 0:00:04]} Qg3 {[%clk 0:00:06]} 50. Qe4
{[%clk 0:00:00]} 0-1

[Event "Team Championship Russia (Blitz, Men)"]
[Site "Sochi"]
[Date "2018.10.10"]
[Round "4.5"]
[White "Dubov, Daniil"]
[Black "Alekseenko, Kirill"]
[Result "0-1"]
[BlackElo "2613"]
[WhiteElo "2706"]
[LiveChessVersion "1.4.8"]

1. e4 {[%clk 0:03:02]} c5 {[%clk 0:03:04]} 2. Nc3 {[%clk 0:03:03]} d6
{[%clk 0:03:05]} 3. d4 {[%clk 0:03:04]} cxd4 4. Qxd4 {[%clk 0:03:04]} Nf6
{[%clk 0:03:00]} 5. b3 {[%clk 0:03:04]} Nc6 {[%clk 0:02:56]} 6. Qd2
{[%clk 0:03:05]} g6 {[%clk 0:02:37]} 7. Bb2 {[%clk 0:03:06]} Bg7 {[%clk 0:02:38]}
8. O-O-O {[%clk 0:03:06]} O-O {[%clk 0:02:39]} 9. Kb1 {[%clk 0:03:07]} a6
{[%clk 0:02:36]} 10. f3 {[%clk 0:03:00]} b5 {[%clk 0:02:35]} 11. h4
{[%clk 0:03:01]} h5 {[%clk 0:02:19]} 12. Nge2 {[%clk 0:02:58]} Ne5
{[%clk 0:02:13]} 13. Nd5 {[%clk 0:02:50]} Nxd5 {[%clk 0:02:07]} 14. exd5
{[%clk 0:02:51]} Qc7 {[%clk 0:01:34]} 15. Ng3 {[%clk 0:02:15]} Bd7
{[%clk 0:01:21]} 16. Be2 {[%clk 0:02:03]} Rac8 {[%clk 0:01:17]} 17. Rc1
{[%clk 0:01:41]} a5 {[%clk 0:01:16]} 18. Ne4 {[%clk 0:01:28]} a4 {[%clk 0:01:07]}
19. g4 {[%clk 0:01:29]} hxg4 {[%clk 0:00:52]} 20. fxg4 {[%clk 0:01:27]} axb3
{[%clk 0:00:44]} 21. cxb3 {[%clk 0:01:27]} Qa7 {[%clk 0:00:45]} 22. h5
{[%clk 0:01:23]} Rxc1+ {[%clk 0:00:40]} 23. Rxc1 {[%clk 0:01:15]} Ra8
{[%clk 0:00:39]} 24. a3 {[%clk 0:01:14]} Nxg4 {[%clk 0:00:26]} 25. hxg6
{[%clk 0:01:06]} fxg6 {[%clk 0:00:22]} 26. Bxg7 {[%clk 0:00:54]} Kxg7
{[%clk 0:00:15]} 27. Bxg4 {[%clk 0:00:42]} Bxg4 {[%clk 0:00:16]} 28. Qb2+
{[%clk 0:00:42]} Kg8 {[%clk 0:00:17]} 29. Rh1 {[%clk 0:00:41]} Bh5
{[%clk 0:00:19]} 30. Ka2 {[%clk 0:00:12]} Qe3 {[%clk 0:00:20]} 31. Nf2
{[%clk 0:00:08]} Rf8 {[%clk 0:00:21]} 32. Ng4 {[%clk 0:00:08]} Qf3
{[%clk 0:00:15]} 33. Rh4 {[%clk 0:00:06]} Qg3 {[%clk 0:00:13]} 34. Nh6+
{[%clk 0:00:04]} Kh7 {[%clk 0:00:14]} 35. Rh1 {[%clk 0:00:04]} Rf2
{[%clk 0:00:15]} 0-1

[Event "Team Championship Russia (Blitz, Men)"]
[Site "Sochi"]
[Date "2018.10.10"]
[Round "4.6"]
[White "Alekseev, Evgeny"]
[Black "Morozevich, Alexander"]
[Result "0-1"]
[BlackElo "2677"]
[WhiteElo "2629"]
[LiveChessVersion "1.4.8"]

1. e4 {[%clk 0:03:03]} c5 {[%clk 0:03:03]} 2. Nf3 {[%clk 0:03:04]} e6
{[%clk 0:03:04]} 3. d4 {[%clk 0:03:05]} cxd4 {[%clk 0:03:05]} 4. Nxd4
{[%clk 0:03:07]} Nc6 {[%clk 0:03:05]} 5. Nc3 {[%clk 0:03:07]} Qc7
{[%clk 0:03:06]} 6. Be2 {[%clk 0:03:05]} a6 {[%clk 0:03:07]} 7. O-O
{[%clk 0:03:03]} Bc5 {[%clk 0:03:07]} 8. Be3 {[%clk 0:03:01]} d6 {[%clk 0:03:08]}
9. Qd2 {[%clk 0:03:00]} Nf6 {[%clk 0:03:07]} 10. Rad1 {[%clk 0:02:58]} Bd7
{[%clk 0:03:08]} 11. Nb3 {[%clk 0:02:34]} Bxe3 {[%clk 0:03:09]} 12. Qxe3
{[%clk 0:02:36]} O-O {[%clk 0:03:09]} 13. Qd2 {[%clk 0:02:29]} Ne8
{[%clk 0:02:59]} 14. f4 {[%clk 0:02:27]} Rd8 {[%clk 0:02:58]} 15. Rf3
{[%clk 0:02:25]} b5 {[%clk 0:02:58]} 16. a3 {[%clk 0:02:26]} Bc8 {[%clk 0:02:54]}
17. Rd3 {[%clk 0:02:26]} a5 {[%clk 0:02:37]} 18. Nxb5 {[%clk 0:01:30]} Qb6+
{[%clk 0:02:39]} 19. Re3 {[%clk 0:01:08]} e5 {[%clk 0:02:25]} 20. Kh1
{[%clk 0:01:02]} a4 {[%clk 0:02:17]} 21. Nc1 {[%clk 0:01:01]} Nf6
{[%clk 0:02:16]} 22. Nc3 {[%clk 0:00:42]} Qxb2 {[%clk 0:01:46]} 23. Nxa4
{[%clk 0:00:43]} Qd4 {[%clk 0:01:36]} 24. Nc3 {[%clk 0:00:32]} Qxd2
{[%clk 0:01:36]} 25. Rxd2 {[%clk 0:00:33]} exf4 {[%clk 0:01:37]} 26. Red3
{[%clk 0:00:23]} Ne5 {[%clk 0:01:30]} 27. Rxd6 Rxd6 28. Rxd6 {[%clk 0:00:24]} Be6
{[%clk 0:01:32]} 29. Bb5 {[%clk 0:00:17]} g5 {[%clk 0:01:29]} 30. a4
{[%clk 0:00:16]} Rc8 {[%clk 0:01:29]} 31. N1e2 {[%clk 0:00:17]} g4
{[%clk 0:01:26]} 32. Nd1 {[%clk 0:00:09]} f3 {[%clk 0:01:13]} 33. gxf3
{[%clk 0:00:10]} gxf3 {[%clk 0:01:04]} 34. Nf4 {[%clk 0:00:08]} Rxc2
{[%clk 0:00:52]} 35. Nxe6 {[%clk 0:00:05]} fxe6 {[%clk 0:00:53]} 36. h3
{[%clk 0:00:04]} Nxe4 {[%clk 0:00:53]} 37. Rxe6 {[%clk 0:00:05]} Ng3+
{[%clk 0:00:54]} 0-1

[Event "Team Championship Russia (Blitz, Men)"]
[Site "Sochi"]
[Date "2018.10.10"]
[Round "4.7"]
[White "Savchenko, Boris"]
[Black "Usmanov, Vasily"]
[Result "1-0"]
[BlackElo "2446"]
[WhiteElo "2657"]
[LiveChessVersion "1.4.8"]

1. e4 {[%clk 0:03:03]} e6 {[%clk 0:03:04]} 2. d4 {[%clk 0:03:04]} d5
{[%clk 0:03:05]} 3. Nc3 {[%clk 0:03:04]} Nf6 {[%clk 0:03:06]} 4. Bg5
{[%clk 0:03:05]} dxe4 {[%clk 0:03:07]} 5. Nxe4 {[%clk 0:03:06]} Be7
{[%clk 0:03:08]} 6. Bxf6 {[%clk 0:03:03]} Bxf6 {[%clk 0:03:08]} 7. Nf3
{[%clk 0:03:04]} O-O {[%clk 0:03:06]} 8. Qd2 {[%clk 0:03:02]} Bd7
{[%clk 0:03:05]} 9. O-O-O {[%clk 0:02:58]} Bc6 {[%clk 0:03:05]} 10. Qf4
{[%clk 0:02:57]} Bxe4 {[%clk 0:03:00]} 11. Qxe4 {[%clk 0:02:57]} Qd5
{[%clk 0:03:01]} 12. Bd3 {[%clk 0:02:55]} Qxe4 {[%clk 0:02:59]} 13. Bxe4
{[%clk 0:02:56]} c6 {[%clk 0:02:59]} 14. c3 {[%clk 0:02:56]} Nd7 {[%clk 0:02:58]}
15. h4 {[%clk 0:02:57]} h5 {[%clk 0:02:51]} 16. a4 {[%clk 0:02:56]} a5
{[%clk 0:02:51]} 17. Kc2 {[%clk 0:02:57]} g6 {[%clk 0:02:43]} 18. Ra1
{[%clk 0:02:58]} Be7 {[%clk 0:02:40]} 19. Rhe1 {[%clk 0:02:57]} Rfe8
{[%clk 0:02:29]} 20. g3 {[%clk 0:02:57]} Bd6 {[%clk 0:02:29]} 21. Nd2
{[%clk 0:02:55]} Bc7 {[%clk 0:02:05]} 22. Re2 {[%clk 0:02:56]} e5
{[%clk 0:01:59]} 23. d5 {[%clk 0:02:56]} cxd5 {[%clk 0:01:43]} 24. Bxd5
{[%clk 0:02:57]} Rab8 {[%clk 0:01:44]} 25. Nf3 {[%clk 0:02:44]} Kg7
{[%clk 0:01:45]} 26. Ng5 {[%clk 0:02:45]} Re7 {[%clk 0:01:45]} 27. Bxf7
{[%clk 0:02:45]} Rxf7 {[%clk 0:01:38]} 28. Ne6+ {[%clk 0:02:47]} Kh6
{[%clk 0:01:37]} 29. Nxc7 {[%clk 0:02:47]} Nc5 {[%clk 0:01:36]} 30. Nd5
{[%clk 0:02:32]} e4 {[%clk 0:01:30]} 31. Nf4 {[%clk 0:02:08]} b5 {[%clk 0:01:23]}
32. axb5 {[%clk 0:02:00]} Rxb5 {[%clk 0:01:24]} 33. Ra2 {[%clk 0:01:50]} Rd7
{[%clk 0:01:06]} 34. Rd2 {[%clk 0:01:47]} Nd3 {[%clk 0:00:56]} 35. Nxd3
{[%clk 0:01:39]} Rbd5 {[%clk 0:00:57]} 36. c4 {[%clk 0:01:39]} Rd4
{[%clk 0:00:45]} 37. b3 {[%clk 0:01:37]} Rxd3 {[%clk 0:00:30]} 38. Rxd3
{[%clk 0:01:37]} Rxd3 {[%clk 0:00:31]} 39. Rxa5 {[%clk 0:01:37]} Rf3
{[%clk 0:00:33]} 40. b4 {[%clk 0:01:34]} Rxf2+ {[%clk 0:00:34]} 41. Kc3
{[%clk 0:01:35]} Rf3+ {[%clk 0:00:33]} 42. Kd4 {[%clk 0:01:36]} Rxg3
{[%clk 0:00:34]} 43. Re5 {[%clk 0:01:36]} Rd3+ {[%clk 0:00:31]} 44. Kxe4
{[%clk 0:01:35]} Rh3 {[%clk 0:00:32]} 45. b5 {[%clk 0:01:36]} Rxh4+
{[%clk 0:00:33]} 46. Kd5 {[%clk 0:01:36]} Rh1 {[%clk 0:00:32]} 47. c5
{[%clk 0:01:35]} h4 {[%clk 0:00:32]} 48. c6 {[%clk 0:01:33]} h3 {[%clk 0:00:33]}
49. Re3 {[%clk 0:01:34]} Kg5 {[%clk 0:00:26]} 50. c7 {[%clk 0:01:33]} Rc1
{[%clk 0:00:27]} 51. b6 {[%clk 0:01:34]} Kh4 {[%clk 0:00:19]} 52. Rxh3+
{[%clk 0:01:22]} Kxh3 {[%clk 0:00:20]} 53. b7 {[%clk 0:01:23]} Rxc7
{[%clk 0:00:21]} 54. b8=Q {[%clk 0:01:23]} Rf7 {[%clk 0:00:15]} 55. Ke4
{[%clk 0:01:04]} Kg4 {[%clk 0:00:14]} 56. Qe8 {[%clk 0:00:52]} Rf6
{[%clk 0:00:14]} 57. Ke5 {[%clk 0:00:20]} Rf5+ {[%clk 0:00:14]} 58. Ke6
{[%clk 0:00:21]} Kg5 {[%clk 0:00:14]} 59. Qh8 {[%clk 0:00:16]} Rf4
{[%clk 0:00:12]} 60. Qe5+ {[%clk 0:00:14]} Rf5 {[%clk 0:00:13]} 61. Qe3+
{[%clk 0:00:14]} Kg4 {[%clk 0:00:12]} 62. Qd2 {[%clk 0:00:08]} Kh5
{[%clk 0:00:07]} 63. Qh2+ {[%clk 0:00:09]} Kg5 {[%clk 0:00:05]} 64. Qh3
{[%clk 0:00:10]} Rf4 {[%clk 0:00:06]} 65. Qg3+ {[%clk 0:00:10]} Rg4
{[%clk 0:00:07]} 66. Qe5+ {[%clk 0:00:11]} Kh4 {[%clk 0:00:07]} 67. Qh2+
{[%clk 0:00:08]} Kg5 {[%clk 0:00:09]} 68. Ke5 {[%clk 0:00:09]} Ra4
{[%clk 0:00:08]} 69. Qd2+ {[%clk 0:00:09]} Kh5 {[%clk 0:00:09]} 70. Qd1+
{[%clk 0:00:09]} Rg4 {[%clk 0:00:11]} 71. Qe2 {[%clk 0:00:06]} Kg5
{[%clk 0:00:12]} 72. Qf3 {[%clk 0:00:07]} Kh5 {[%clk 0:00:11]} 73. Kf6
{[%clk 0:00:08]} Kh4 {[%clk 0:00:13]} 74. Qe2 {[%clk 0:00:08]} Kh3
{[%clk 0:00:08]} 75. Qf2 {[%clk 0:00:09]} g5 {[%clk 0:00:08]} 76. Kg6
{[%clk 0:00:08]} Rg2 {[%clk 0:00:08]} 77. Qf3+ {[%clk 0:00:08]} Kh2
{[%clk 0:00:08]} 78. Qh5+ {[%clk 0:00:07]} Kg1 {[%clk 0:00:09]} 79. Qh3
{[%clk 0:00:08]} g4 {[%clk 0:00:10]} 80. Qe3+ {[%clk 0:00:09]} Kh2
{[%clk 0:00:10]} 81. Kg5 {[%clk 0:00:11]} Rg3 {[%clk 0:00:05]} 82. Qe2+
{[%clk 0:00:09]} Kh3 {[%clk 0:00:05]} 83. Qe1 {[%clk 0:00:07]} Kh2 1-0